000 00635nam a2200181Ia 4500
008 100920s9999 xx 000 0 und d
082 _b22699
_a200 थ 69
100 _aभगिनी निवेदिता / अनु. साने गुरुजी.
245 _aसमाजधर्म.
260 _bइंद्रायणी साहित्य प्रकाशन पुणे 30.
_c1969
300 _a122
_bसाधी
365 _b2
520 _aधार्मिक.
630 _aसमाजधर्म.
650 _aधार्मिक.
730 _aसमाजधर्म.
942 _cBOOK
999 _c682016
_d682013